书目信息 |
| 题名: |
幼儿歌曲100首
|
|
| 作者: | ;广西人民出版社 编 | |
| 分册: | ||
| 出版信息: | 南宁 广西人民出版社 1983 |
|
| 页数: | 91页 | |
| 开本: | 19cm | |
| 丛书名: | ||
| 单 册: | ||
| 中图分类: | J642.6 | |
| 科图分类: | ||
| 主题词: | 音乐--作品--中国 | |
| 电子资源: | ||
| ISBN: | ||
| 000 | 00572nam0 2200193 450 | |
| 001 | 0633920046 | |
| 005 | 20060810092703.39 | |
| 010 | @dCNY0.28 | |
| 100 | @a20060810d1983 km y0chiy0120 ea | |
| 101 | 0 | @achi |
| 102 | @aCN@b450000 | |
| 200 | 1 | @a幼儿歌曲100首@Ayou er ge qu 100 shou@f广西人民出版社编@Fguang xi ren min chu ban she bian |
| 210 | @a南宁@c广西人民出版社@d1983 | |
| 215 | @a91页@d19cm | |
| 606 | 0 | @a音乐@x作品@x中国 |
| 690 | @aJ642.6@v3 | |
| 711 | 0 | @a广西人民出版社@Aguang xi ren min chu ban she@4编 |
| 801 | 0 | @aCN@bPFT@c20060810 |
| 905 | @a10447@dJ642.6@e191 | |
| 幼儿歌曲100首/广西人民出版社编.-南宁:广西人民出版社,1983 |
| 91页;19cm |
| ISBN :CNY0.28 |
| ● |
| 相关链接 |
|
|
|
|
正题名:幼儿歌曲100首
索取号:J642.6/191
 
预约/预借
| 序号 | 登录号 | 条形码 | 馆藏地/架位号 | 状态 | 备注 |
| 1 | 0453702 | 204537028 | 密集书库/ [索取号:J642.6/191] | 在馆 | |
| 2 | 0453703 | 204537037 | 密集书库/ [索取号:J642.6/191] | 在馆 |